Every NFL Team's Top Rushers of the Last 10 Years - Statistics

General Stats
  • This quiz has been taken 37 times
  • The average score is 80 of 160
Answer Stats
Team Year Player % Correct
BAL 3 2,550 Derrick Henry
93%
TEN 1 9,502 Derrick Henry
93%
CAR 1 3,980 Christian McCaffrey
89%
SF 1 3,003 Christian McCaffrey
89%
GB 1 5,940 Aaron Jones
86%
NYG 2 2,168 Daniel Jones
86%
DAL 1 8,488 Ezekiel Elliott
86%
TB 3 2,174 Ronald Jones
86%
PHI 3 2,524 Saquon Barkley
86%
NYG 1 5,211 Saquon Barkley
86%
KC 3 2,404 Isiah Pacheco
82%
CIN 1 6,412 Joe Mixon
82%
NO 1 7,156 Alvin Kamara
79%
ATL 2 3,027 Bijan Robinson
79%
WAS 2 2,329 Brian Robinson
79%
MIN 1 5,993 Dalvin Cook
79%
PIT 5 1,250 DeAngelo Williams
79%
DET 1 2,908 Jahmyr Gibbs
79%
GB 3 1,980 Jamaal Williams
79%
DET 4 1,667 Jamaal Williams
79%
PIT 3 2,299 James Conner
79%
ARI 1 3,763 James Conner
79%
BUF 3 3,505 James Cook
79%
JAX 3 2,177 James Robinson
79%
DEN 2 2,394 Javonte Williams
79%
LAC 5 1,040 Justin Jackson
79%
LAR 2 3,168 Kyren Williams
79%
BAL 1 6,353 Lamar Jackson
79%
CHI 5 1,423 D'Andre Swift
75%
DET 3 1,680 D'Andre Swift
75%
TEN 2 1,946 DeMarco Murray
75%
IND 1 6,908 Jonathan Taylor
75%
LV 1 5,545 Josh Jacobs
75%
GB 4 1,863 Josh Jacobs
75%
CLE 3 2,285 Kareem Hunt
75%
KC 1 3,173 Kareem Hunt
75%
ARI 2 3,186 Kyler Murray
75%
LV 2 1,854 Latavius Murray
75%
MIN 4 1,420 Latavius Murray
75%
NO 4 1,350 Latavius Murray
75%
LAR 1 5,404 Todd Gurley
75%
BUF 5 1,575 Tyrod Taylor
75%
CHI 1 3,609 David Montgomery
71%
DET 2 2,185 David Montgomery
71%
MIA 1 2,313 De'Von Achane
71%
SEA 2 3,000 Kenneth Walker
71%
NO 2 4,074 Mark Ingram
71%
LV 4 1,267 Marshawn Lynch
71%
CLE 1 6,843 Nick Chubb
71%
TB 1 2,371 Rachaad White
71%
MIA 2 2,181 Raheem Mostert
71%
SF 5 1,610 Raheem Mostert
71%
LAC 1 4,355 Austin Ekeler
68%
NYJ 1 2,914 Breece Hall
68%
CIN 4 1,589 Chase Brown
68%
IND 2 2,953 Frank Gore
68%
SF 4 1,733 Jeff Wilson
68%
BAL 5 1,347 J.K. Dobbins
68%
LAR 5 1,269 Malcolm Brown
68%
SEA 3 2,812 Russell Wilson
68%
JAX 1 3,289 Travis Etienne
68%
CAR 2 3,474 Chuba Hubbard
64%
BUF 4 3,151 Devin Singletary
64%
PIT 2 3,115 Le'Veon Bell
64%
DAL 4 1,464 Rico Dowdle
64%
TEN 3 1,559 Tony Pollard
64%
DAL 2 3,621 Tony Pollard
64%
DAL 3 2,059 Dak Prescott
61%
NE 3 2,094 Damien Harris
61%
BUF 1 4,422 Josh Allen
61%
PHI 1 3,708 Miles Sanders
61%
PIT 1 4,312 Najee Harris
61%
KC 2 2,528 Patrick Mahomes
61%
NE 1 3,345 Rhamondre Stevenson
61%
ARI 3 3,128 David Johnson
57%
CLE 5 1,286 Duke Johnson
57%
PHI 2 3,340 Jalen Hurts
57%
NE 4 1,864 LeGarrette Blount
57%
CIN 3 1,749 Jeremy Hill
54%
CHI 3 2,220 Justin Fields
54%
JAX 2 2,631 Leonard Fournette
54%
TB 5 1,847 Leonard Fournette
54%
BUF 2 3,814 LeSean McCoy
54%
NO 3 2,469 Taysom Hill
54%
GB 5 1,635 Aaron Rodgers
50%
LAC 3 1,522 Justin Herbert
50%
CHI 4 1,791 Khalil Herbert
50%
MIN 3 1,557 Adrian Peterson
46%
WAS 3 1,940 Adrian Peterson
46%
SEA 1 3,502 Chris Carson
46%
BAL 2 3,395 Gus Edwards
46%
WAS 5 1,153 Jayden Daniels
46%
CAR 4 2,468 Cam Newton
43%
HOU 4 1,674 Dameon Pierce
43%
LAR 3 1,854 Darrell Henderson
43%
LV 3 1,333 Jalen Richard
43%
LAC 2 4,240 Melvin Gordon
43%
DEN 3 2,222 Melvin Gordon
43%
ATL 1 3,724 Devonta Freeman
39%
MIA 3 1,924 Jay Ajayi
39%
CLE 4 1,463 Jerome Ford
39%
DEN 5 1,187 Royce Freeman
39%
NYG 5 1,016 Tyrone Tracy
39%
GB 2 2,428 A.J. Dillon
36%
HOU 3 1,677 Deshaun Watson
36%
TB 2 2,229 Doug Martin
36%
ATL 3 2,575 Tyler Allgeier
36%
WAS 1 2,643 Antonio Gibson
32%
DEN 4 2,164 C.J. Anderson
32%
PIT 4 2,078 Jaylen Warren
32%
NYJ 3 1,194 Matt Forte
32%
DEN 1 2,550 Phillip Lindsay
32%
LAR 4 1,443 Cam Akers
29%
KC 4 1,850 Clyde Edwards-Helaire
29%
TEN 4 1,399 Marcus Mariota
29%
IND 3 2,484 Marlon Mack
29%
NE 2 2,292 Sony Michel
29%
CIN 5 1,139 Samaje Perine
25%
PHI 4 1,295 Boston Scott
21%
NE 5 1,413 Dion Lewis
21%
CAR 5 914 D'Onta Foreman
21%
CAR 3 2,493 Jonathan Stewart
21%
MIA 4 1,532 Kenyan Drake
21%
ARI 4 1,598 Kenyan Drake
21%
HOU 1 2,934 Lamar Miller
21%
NYJ 4 1,079 Michael Carter
21%
IND 4 1,205 Nyheim Hines
21%
SEA 4 1,918 Rashaad Penny
21%
IND 5 1,159 Zack Moss
21%
MIN 2 2,370 Alexander Mattison
18%
DET 5 1,251 Ameer Abdullah
18%
CLE 2 2,511 Isaiah Crowell
18%
ATL 4 2,340 Tevin Coleman
18%
TEN 5 917 Tyjae Spears
18%
BAL 4 1,384 Alex Collins
14%
JAX 5 1,356 Blake Bortles
14%
HOU 5 1,070 Carlos Hyde
14%
SF 2 2,396 Carlos Hyde
14%
NYJ 5 1,070 Chris Ivory
14%
CIN 2 2,322 Giovani Bernard
14%
MIN 5 1,380 Jerick McKinnon
14%
CHI 2 3,370 Jordan Howard
14%
SF 3 1,902 Matt Breida
14%
KC 5 1,621 Spencer Ware
14%
NYG 4 1,444 Wayne Gallman
14%
HOU 2 1,879 Alfred Blue
11%
WAS 4 1,182 Chris Thompson
11%
ATL 5 1,494 Cordarrelle Patterson
11%
LV 5 1,122 DeAndre Washington
11%
MIA 5 1,355 Myles Gaskin
11%
TB 4 1,987 Peyton Barber
11%
NYG 3 1,456 Rashad Jennings
11%
SEA 5 1,336 Thomas Rawls
11%
JAX 4 1,872 T.J. Yeldon
11%
NYJ 2 2,379 Bilal Powell
7%
DAL 5 1,174 Darren McFadden
7%
LAC 4 1,148 Joshua Kelley
7%
PHI 5 1,200 Ryan Mathews
7%
ARI 5 1,551 Chase Edmonds
4%
NO 5 923 Tim Hightower
0%
No matching quizzes found
Score Distribution
Percent of People with Each Score
Percentile by Number Answered
Your Score History
You have not taken this quiz